Murder Scenes Quiz Stats

 Plays Quiz Updated Jul 16, 2019

Score 0/30 Timer 08:00
3 Plays Today
Murder(s) City % Correct
John LennonNew York, New York, USA
79.9%
Lee Harvey OswaldDallas, Texas, USA
70.3%
Tiananmen Square (June Fourth Movement)Beijing, China
66.4%
11 Israeli OlympiansMunich, Germany
66.4%
Harvey MilkSan Francisco, California, USA
59.9%
Saint Valentine's Day MassacreChicago, Illinois, USA
58.7%
Grigori RasputinSt. Petersburg, Russia
53.9%
Sharon TateLos Angeles (Benedict Canyon), California, USA
53.3%
Martin Luther King, Jr.Memphis, Tennessee, USA
52.5%
Anwar SadatCairo, Egypt
45%
Mary Ann Nichols, Annie Chapman, Catherine EddowesLondon, United Kingdom
43.5%
Ron GoldmanLos Angeles, California, USA
41.1%
Gianni VersaceMiami Beach, Florida, USA
39.9%
Archduke Franz FerdinandSarajevo, Austria-Hungary
39.7%
Mohandas (Mahatma) GandhiNew Delhi, India
39.2%
Murder(s) City % Correct
Tupac ShakurLas Vegas, Nevada, USA
37.3%
Yitzhak RabinTel Aviv, Israel
33.6%
JonBenet RamseyBoulder, Colorado, USA
27.4%
Park Chung-heeSeoul, South Korea
25.1%
Alexander LitvinenkoLondon, United Kingdom
24.8%
Theo van GoghAmsterdam, Netherlands
23.7%
Huey LongBaton Rouge, Louisiana, USA
23%
William McKinleyBuffalo, New York, USA
21.9%
Benigno Aquino, Jr.Manila, Philippines
21.5%
Olof PalmeStockholm, Sweden
17.4%
Andrew Borden, Abby BordenFall River, Massachusetts, USA
11.7%
Daniel PearlKarachi, Pakistan
8.3%
Pierre LaporteMontreal, Canada
7%
Engelbert DollfussVienna, Austria
6.1%
Bachir GemayelBeirut, Lebanon
5.5%

You're not logged in!

Compare scores with friends on all Sporcle quizzes.
OR
Log In

Sporcle TV

Today on Sporcle TV


Watch our educational content, quiz creation guides, and fun videos on Sporcle TV.

Show Comments

Extras

Top Quizzes Today


Score Distribution

Your Account Isn't Verified!

In order to create a playlist on Sporcle, you need to verify the email address you used during registration. Go to your Sporcle Settings to finish the process.

Report this User

Report this user for behavior that violates our Community Guidelines.

Details: